[Event "AUTO-ELITE-2017"]
[Site "http://www.queenalice.com/game.php?id=1547569"]
[Date "2018.10.29"]
[Round "2"]
[White "chessprm"]
[Black "ratorei"]
[Result "1-0"]
[WhiteElo "2266"]
[BlackElo "1938"]

1. d4 d5 2. c4 e6 3. Nc3 c6 4. cxd5 exd5 5. Qc2 Nf6 6. Bg5 Be7 7. e3 Be6 8. Bd3
Nbd7 9. Nge2 a6 10. f3 c5 11. Ng3 Rc8 12. Nf5 Bxf5 13. Bxf5 cxd4 14. exd4 g6 15.
Bh3 O-O 16. O-O Rc6 17. Qb3 Nb6 18. a4 Kg7 19. a5 Nbd7 20. Rfe1 b5 21. Re2 Rc4
22. Bxd7 Qxd7 23. Rxe7 Rxc3 24. Rxd7 Rxb3 25. Bxf6+ Kxf6 26. Rd6+ Ke7 27. Rxa6
Rc8 28. Re1+ Kf8 29. Re2 Re8 30. Rc2 Re7 31. Kf2 h5 32. Rd6 Rb4 33. a6 Rxd4 34.
Rb6 Ra7 35. Rxb5 Rxa6 36. Ke3 Rd1 37. Rd2 Rxd2 38. Kxd2 Rd6 39. Rb7 Kg7 40. b4
Kf6 41. b5 Ke6 42. f4 f5 43. b6 Rd8 44. Kd3 1-0

[Event "AUTO-OPEN-4057"]
[Site "http://www.queenalice.com/game.php?id=1570586"]
[Date "2019.5.12"]
[Round "1"]
[White "Lopesq"]
[Black "chessprm"]
[Result "0-1"]
[WhiteElo "2481"]
[BlackElo "2261"]

1. d4 Nf6 2. Nf3 g6 3. c3 Bg7 4. Bf4 d6 5. Nbd2 O-O 6. e4 Nbd7 7. Bd3 Re8 8. O-O
e5 9. dxe5 dxe5 10. Bg5 c6 11. Bc2 Qc7 12. Re1 Kh8 0-1

[Event "AUTO-OPEN-4057"]
[Site "http://www.queenalice.com/game.php?id=1570587"]
[Date "2019.5.12"]
[Round "1"]
[White "chessprm"]
[Black "Lopesq"]
[Result "1-0"]
[WhiteElo "2280"]
[BlackElo "2469"]

1. d4 d5 2. c4 dxc4 3. e3 c6 4. Bxc4 Bf5 5. Nc3 Nf6 6. Nf3 e6 7. O-O Be7 8. Re1
O-O 9. e4 Bg6 10. Qb3 Qc8 11. d5 1-0

[Event "AUTO-OPEN-4057"]
[Site "http://www.queenalice.com/game.php?id=1570614"]
[Date "2019.5.12"]
[Round "1"]
[White "pomar"]
[Black "chessprm"]
[Result "0-1"]
[WhiteElo "2077"]
[BlackElo "2252"]

1. f3 e5 2. Kf2 d5 3. e3 c5 4. c4 d4 5. Qb3 Nf6 6. e4 Be7 7. d3 O-O 8. g3 Ne8 9.
Bh3 Nd7 10. Kg2 Nd6 11. f4 f5 12. fxe5 Nxe5 13. Nd2 fxe4 14. Nxe4 b6 15. Bxc8
Qxc8 16. Bf4 Rxf4 17. gxf4 Qg4+ 18. Ng3 Qxf4 19. Rf1 Qd2+ 20. Rf2 Qxd3 21. Nf3
Ndxc4 22. Nxe5 Qxb3 23. axb3 Nxe5 24. Re2 Ng6 25. Rhe1 Nf4+ 26. Kf3 Nxe2 27.
Rxe2 Kf7 28. Ke4 Bf6 29. Kd3 a5 30. Nf5 Rd8 31. Rf2 Ke6 32. Ng3 Rd5 33. Re2+ Re5
34. Ne4 Kd5 35. Ng3 Rxe2 36. Nxe2 Be5 37. h3 Bh2 38. Nc1 b5 39. Ne2 c4+ 40.
bxc4+ bxc4+ 41. Kd2 g5 0-1

[Event "AUTO-OPEN-4057"]
[Site "http://www.queenalice.com/game.php?id=1570615"]
[Date "2019.5.12"]
[Round "1"]
[White "chessprm"]
[Black "pomar"]
[Result "1/2-1/2"]
[WhiteElo "2257"]
[BlackElo "2084"]

1. d4 e6 2. c4 d5 3. Nc3 a6 4. Nf3 Bb4 5. e3 dxc4 6. Bxc4 b5 7. Bb3 Bb7 8. O-O
Nf6 9. Qe2 Nc6 10. Bd2 Ne7 11. Rac1 O-O 12. a3 Bxc3 13. Bxc3 Ned5 14. Rfd1 Nxc3
15. Rxc3 Bd5 16. Bxd5 Nxd5 17. Rc5 Qe7 18. Rdc1 Ra7 19. Ne5 Rb7 20. Rc6 Rb6 21.
Qc2 f6 22. Nd3 Rxc6 23. Qxc6 Qd6 24. e4 Ne7 25. Qxd6 cxd6 26. Kf1 Rc8 27. Ke2
Rxc1 28. Nxc1 Nc6 29. Ke3 Kf7 30. Nd3 e5 1/2-1/2

[Event "AUTO-OPEN-4057"]
[Site "http://www.queenalice.com/game.php?id=1570634"]
[Date "2019.5.12"]
[Round "1"]
[White "chessprm"]
[Black "McKubik"]
[Result "1-0"]
[WhiteElo "2259"]
[BlackElo "1614"]

1. d4 d5 2. c4 dxc4 3. e3 b5 4. a4 c6 5. axb5 cxb5 6. b3 cxb3 7. Bxb5+ Bd7 8.
Qxb3 e6 9. Nf3 Nf6 10. O-O Qb6 11. Bc4 Bb5 12. Qxb5+ Qc6 13. Qb3 Bd6 14. Bb5 O-O
15. Bxc6 Nxc6 16. Nc3 Rab8 17. Qa4 Rfc8 18. Bd2 a5 19. Rfb1 Ng4 20. Rxb8 Nxb8
21. h3 Bh2+ 22. Nxh2 Nxh2 23. Kxh2 h6 24. Qxa5 Nc6 25. Qa6 Ne7 26. Ne4 g5 27.
Bb4 Re8 28. Nf6+ Kf8 29. Nxe8 Kxe8 30. Qd6 Kf8 31. Qe5 Ke8 32. Ra8+ Kd7 33. Qd6#
1-0

[Event "AUTO-OPEN-4057"]
[Site "http://www.queenalice.com/game.php?id=1570635"]
[Date "2019.5.12"]
[Round "1"]
[White "McKubik"]
[Black "chessprm"]
[Result "0-1"]
[WhiteElo "1611"]
[BlackElo "2260"]

1. e4 e6 2. Nf3 d5 3. Nc3 c5 4. Bb5+ Nc6 5. O-O Nf6 6. h3 Be7 7. Ng5 O-O 8. d3
Bd7 9. e5 Nxe5 10. Bxd7 Nexd7 11. Bf4 Rc8 12. Nf3 e5 13. Bxe5 Nxe5 14. Nxe5 Re8
15. Nb5 Qb6 16. Nc3 Bd6 17. Nf3 Bb8 18. Ng5 Qc7 19. Nf3 Re7 20. Nb5 Qd7 21. a4
Rce8 22. Nc3 h6 23. d4 b6 24. b3 Bd6 25. dxc5 bxc5 26. Nb5 Bb8 27. Qd3 d4 28. g3
Qxh3 29. Nh2 Re5 30. Qf3 Re2 31. Rae1 Rxe1 32. Qg2 Qe6 33. Nf3 Rxf1+ 34. Qxf1
Qe4 35. Qg2 Qxc2 36. Ne1 Rxe1+ 37. Kh2 Qf5 38. Qa8 Qh5+ 39. Kg2 Qh1# 0-1

[Event "AUTO-ELITE-2139"]
[Site "http://www.queenalice.com/game.php?id=1578478"]
[Date "2019.7.25"]
[Round "1"]
[White "Donidon"]
[Black "chessprm"]
[Result "1-0"]
[WhiteElo "2481"]
[BlackElo "2282"]

1. e4 e6 2. d4 d5 3. Nc3 Bb4 4. e5 c5 5. a3 Bxc3+ 6. bxc3 Qc7 7. Nf3 b6 8. Bd3
Ba6 9. O-O Bxd3 10. cxd3 Ne7 11. dxc5 bxc5 12. c4 O-O 13. Re1 Rd8 14. Qa4 Nbc6
15. Bg5 h6 16. Bxe7 Nxe7 17. h3 Rab8 18. Rab1 dxc4 19. Qxc4 1-0

[Event "AUTO-ELITE-2139"]
[Site "http://www.queenalice.com/game.php?id=1578479"]
[Date "2019.7.25"]
[Round "1"]
[White "chessprm"]
[Black "Donidon"]
[Result "0-1"]
[WhiteElo "2288"]
[BlackElo "2477"]

1. d4 Nf6 2. c4 g6 3. Nc3 d5 4. e3 Bg7 5. Nf3 O-O 6. Bd3 c6 7. O-O Nbd7 8. Qe2
dxc4 9. Bxc4 Nb6 10. Bb3 a5 11. a3 a4 12. Ba2 Bg4 13. h3 Bxf3 14. Qxf3 e6 15.
Bd2 c5 16. Rfd1 cxd4 17. exd4 Nfd5 18. Rac1 Rc8 19. Be1 Qd7 0-1

[Event "AUTO-OPEN-4057"]
[Site "http://www.queenalice.com/game.php?id=1586655"]
[Date "2019.10.13"]
[Round "2"]
[White "chessprm"]
[Black "RaulSoft"]
[Result "0-1"]
[WhiteElo "2250"]
[BlackElo "2557"]

1. d4 Nf6 2. c4 e6 3. Nc3 Bb4 4. a3 Bxc3+ 5. bxc3 c5 6. f3 d5 7. Nh3 dxc4 8.
Qa4+ Nc6 9. Qxc4 cxd4 10. e3 dxe3 11. Bxe3 O-O 12. Be2 Nd5 13. Bc5 Re8 14. O-O
Na5 15. Qd3 Nb3 0-1

[Event "AUTO-OPEN-4057"]
[Site "http://www.queenalice.com/game.php?id=1586656"]
[Date "2019.10.13"]
[Round "2"]
[White "RaulSoft"]
[Black "chessprm"]
[Result "1-0"]
[WhiteElo "2555"]
[BlackElo "2253"]

1. d4 Nf6 2. Nf3 g6 3. c4 Bg7 4. e3 O-O 5. Be2 d6 6. Nc3 Nbd7 7. e4 e5 8. d5 a5
9. Be3 Ne8 10. g4 Nc5 11. Rg1 b6 12. h4 h6 13. h5 g5 14. Nd2 Bd7 15. Nf1 Rb8 16.
Ng3 Qe7 17. f3 1-0